[Event "Niederoesterreich Landesliga 0910"]
[Site "Austria"]
[Date "2009.09.06"]
[Round "1"]
[White "Posch, Werner"]
[Black "Stanivukovic, Drago"]
[Result "1/2-1/2"]
[WhiteElo "2164"]
[BlackElo "1968"]
[PlyCount "97"]
[EventDate "2009.09.06"]
[EventType "team-tourn"]
[EventRounds "11"]
[EventCountry "AUT"]
[SourceTitle "EXT 2022"]
[Source "ChessBase"]
[SourceDate "2021.10.06"]
[SourceVersion "1"]
[SourceVersionDate "2021.10.06"]
[SourceQuality "1"]

1. e4 c5 2. Nc3 Nc6 3. g3 e5 4. Bg2 d6 5. d3 g6 6. f4 Bg7 7. Nh3 Nge7 8. 0-0 Nd4 9. fxe5 dxe5 10. Bg5 h6 11. Bxe7 Qxe7 12. Nd5 Qd8 13. c3 Nc6 14. Nf2 0-0 15. Ng4 f5 16. Nge3 Kh7 17. exf5 Bxf5 18. Nxf5 Rxf5 19. Rxf5 gxf5 20. Qh5 Qg5 21. Qf7 Qg6 22. Qxb7 Rb8 23. Qc7 Rxb2 24. Ne3 e4 25. dxe4 fxe4 26. Qf4 Rxg2+ 27. Kxg2 Bxc3 28. Rb1 Qe6 29. Rb7+ Kg6 30. g4 Bf6 31. Qf5+ Qxf5 32. gxf5+ Kg5 33. Rc7 Bd4 34. h4+ Kh5 35. Nd5 Ne5 36. Kh3 Nd3 37. f6 Kg6 38. Rg7+ Kf5 39. Rxa7 Bxf6 40. Ra6 Bd4 41. Rxh6 e3 42. Nxe3+ Bxe3 43. Rc6 Nb4 44. Rc8 Nxa2 45. Kg3 Ke4 46. h5 Nc3 47. h6 Bf4+ 48. Kg4 Bxh6 49. Rxc5 1/2-1/2

[Event "Vienna op 16th"]
[Site "Vienna"]
[Date "2009.08.16"]
[Round "2"]
[White "Thiede, Lars"]
[Black "Posch, Werner"]
[Result "1-0"]
[WhiteElo "2452"]
[BlackElo "2203"]
[PlyCount "135"]
[EventDate "2009.08.15"]
[EventType "swiss"]
[EventRounds "9"]
[EventCountry "AUT"]
[SourceTitle "CBM 131 Extra"]
[Source "ChessBase"]
[SourceDate "2009.09.03"]
[SourceVersion "2"]
[SourceVersionDate "2009.09.16"]
[SourceQuality "1"]

1. c4 e5 2. g3 Nc6 3. Bg2 g6 4. Nc3 Bg7 5. Nf3 d6 6. d3 f5 7. 0-0 Nf6 8. Rb1 0-0 9. b4 h6 10. b5 Ne7 11. Qb3 Be6 12. Nd2 Rb8 13. a4 d5 14. Ba3 dxc4 15. Nxc4 Rf7 16. Rfd1 Nfd5 17. Nxd5 Nxd5 18. Qc2 Kh7 19. Bb2 Qh8 20. Na5 Rd7 21. Ba1 Qf8 22. e4 Nb4 23. Qe2 f4 24. gxf4 exf4 25. Bxg7 Rxg7 26. d4 b6 27. Rxb4 bxa5 28. Rbb1 Rf7 29. f3 Re8 30. d5 Bc8 31. Rbc1 Qe7 32. Qd2 Qg5 33. Qxa5 Bh3 34. Qd2 Re5 35. Kh1 Qh4 36. Bxh3 Qxh3 37. Qf2 g5 38. Rg1 h5 39. Qg2 Qh4 40. Qb2 Ree7 41. d6 cxd6 42. Rc8 Rg7 43. Qc2 Qh3 44. Rc3 Re5 45. Rd3 Rc5 46. Qg2 Qh4 47. Rxd6 g4 48. Qd2 g3 49. Rd7 Rcg5 50. Rxg7+ Rxg7 51. Rd1 Qh3 52. Qg2 Qe6 53. Rd5 Rc7 54. hxg3 Rc1+ 55. Kh2 fxg3+ 56. Qxg3 Rc2+ 57. Kh1 Qf7 58. Kg1 Rc1+ 59. Kf2 Rc2+ 60. Ke1 Rc1+ 61. Kd2 Rh1 62. Qg5 Rd1+ 63. Kxd1 Qxf3+ 64. Kd2 Qf2+ 65. Kd3 Qf1+ 66. Kd4 Qa1+ 67. Kc5 Qc3+ 68. Kd6 1-0

[Event "Niederoesterreich Landesliga 0809"]
[Site "Austria"]
[Date "2009.02.01"]
[Round "8"]
[White "Posch, Werner"]
[Black "Zojer, Stefan"]
[Result "1-0"]
[WhiteElo "2198"]
[BlackElo "2044"]
[PlyCount "81"]
[EventDate "2008.09.28"]
[EventType "team-tourn"]
[EventRounds "11"]
[EventCountry "AUT"]
[SourceTitle "EXT 2022"]
[Source "ChessBase"]
[SourceDate "2021.10.06"]
[SourceVersion "1"]
[SourceVersionDate "2021.10.06"]
[SourceQuality "1"]

1. e4 c5 2. Nc3 Nc6 3. g3 Nf6 4. Bg2 e6 5. f4 d6 6. Nf3 h5 7. d3 Be7 8. h3 e5 9. 0-0 Bd7 10. Nd5 Qc8 11. fxe5 dxe5 12. Kh2 Ng8 13. Be3 Qd8 14. c3 Nf6 15. Nxf6+ gxf6 16. d4 b6 17. Qe2 Qc7 18. dxc5 bxc5 19. Nh4 Na5 20. Nf5 Bf8 21. b4 cxb4 22. cxb4 Qc4 23. Qf2 Qxb4 24. Bd2 Qb6 25. Ne3 Bc5 26. Rab1 Bxe3 27. Bxe3 Qa6 28. Bc5 Rg8 29. Rfd1 Nc4 30. Bf1 Qe6 31. Rb7 Rd8 32. Rxa7 Rg5 33. Qe2 h4 34. g4 Bb5 35. a4 Ba6 36. Rxd8+ Kxd8 37. Rxa6 Qxa6 38. Qxc4 Qb7 39. Qd3+ Kc8 40. Qc3 Qxe4 41. Bd6+ 1-0

[Event "AUT-chT2O 0809"]
[Site "Austria"]
[Date "2008.11.22"]
[Round "4.6"]
[White "Sadilek, Peter"]
[Black "Posch, Werner"]
[Result "1-0"]
[WhiteElo "2183"]
[BlackElo "2234"]
[PlyCount "93"]
[EventDate "2008.10.03"]
[EventType "team-tourn"]
[EventRounds "11"]
[EventCountry "AUT"]
[SourceTitle "CBM 127 Extra"]
[Source "ChessBase"]
[SourceDate "2009.01.08"]
[SourceVersion "2"]
[SourceVersionDate "2009.01.28"]
[SourceQuality "1"]
[WhiteTeam "Waehring"]
[BlackTeam "Wiener Neustadt"]
[WhiteTeamCountry "AUT"]
[BlackTeamCountry "AUT"]

1. e4 Nf6 2. e5 Nd5 3. d4 d6 4. Nf3 Bg4 5. Be2 e6 6. c4 Nb6 7. 0-0 Be7 8. h3 Bh5 9. Nc3 0-0 10. Be3 d5 11. c5 Bxf3 12. gxf3 Nc8 13. f4 f5 14. Kh2 Kh8 15. b4 Rg8 16. Rg1 g6 17. Bf3 c6 18. a4 Bf8 19. b5 a5 20. Qb3 Rg7 21. Rab1 Rd7 22. Qc2 Bh6 23. Rg3 Qh4 24. Qd2 Rg7 25. b6 Nd7 26. Ne2 Qd8 27. h4 Ndxb6 28. cxb6 Nxb6 29. Qc2 Nc4 30. Qb3 b5 31. Kg2 Rb8 32. h5 gxh5 33. Rxg7 Bxg7 34. Bxh5 Qg8 35. Kf3 Qd8 36. Ng3 Rb6 37. Rh1 Kg8 38. Qc2 Qe7 39. Nxf5 exf5 40. Qxf5 Rb8 41. axb5 Rf8 42. Qb1 Rb8 43. Bg4 h6 44. Qg6 cxb5 45. Be6+ Kh8 46. Bf7 Qf8 47. f5 1-0

[Event "AUT-chT2O 0809"]
[Site "Austria"]
[Date "2008.10.03"]
[Round "1.6"]
[White "Mayr, Thomas"]
[Black "Posch, Werner"]
[Result "1/2-1/2"]
[WhiteElo "2120"]
[BlackElo "2234"]
[PlyCount "29"]
[EventDate "2008.10.03"]
[EventType "team-tourn"]
[EventRounds "11"]
[EventCountry "AUT"]
[SourceTitle "EXT 2009"]
[Source "ChessBase"]
[SourceDate "2008.11.26"]
[SourceVersion "1"]
[SourceVersionDate "2008.11.26"]
[SourceQuality "1"]
[WhiteTeam "Eichgraben"]
[BlackTeam "Wiener Neustadt"]
[WhiteTeamCountry "AUT"]
[BlackTeamCountry "AUT"]

1. e4 Nf6 2. e5 Nd5 3. d4 d6 4. c4 Nb6 5. exd6 exd6 6. Nc3 Be7 7. Bd3 0-0 8. Nge2 Nc6 9. h3 Bf6 10. 0-0 Nxd4 11. Nxd4 Bxd4 12. Bxh7+ Kxh7 13. Qxd4 Kg8 14. Be3 Be6 15. b3 1/2-1/2

[Event "AUT-ch qual"]
[Site "Leoben"]
[Date "2008.07.20"]
[Round "2.5"]
[White "Posch, Werner"]
[Black "Pretterhofer, Kiaras"]
[Result "1/2-1/2"]
[WhiteElo "2262"]
[BlackElo "1937"]
[PlyCount "26"]
[EventDate "2008.07.19"]
[EventType "swiss"]
[EventRounds "9"]
[EventCountry "AUT"]
[SourceTitle "EXT 2024"]
[Source "ChessBase"]
[SourceDate "2023.10.10"]
[SourceVersion "1"]
[SourceVersionDate "2023.10.10"]
[SourceQuality "1"]

1. e4 e5 2. Nc3 Nf6 3. Bc4 Nc6 4. d3 Bb4 5. Bg5 h6 6. Bxf6 Bxc3+ 7. bxc3 Qxf6 8. Ne2 d6 9. 0-0 0-0 10. f4 Bg4 11. fxe5 Qxe5 12. Rb1 Rab8 13. Rb5 Bxe2 1/2-1/2

[Event "Niederoesterreich Landesliga 0708"]
[Site "Austria"]
[Date "2007.11.25"]
[Round "6"]
[White "Posch, Werner"]
[Black "Hansen, Kay"]
[Result "1-0"]
[WhiteElo "2173"]
[BlackElo "2193"]
[PlyCount "69"]
[EventDate "2007.09.16"]
[EventType "team-tourn"]
[EventRounds "13"]
[EventCountry "AUT"]
[SourceTitle "EXT 2022"]
[Source "ChessBase"]
[SourceDate "2021.10.06"]
[SourceVersion "1"]
[SourceVersionDate "2021.10.06"]
[SourceQuality "1"]

1. e4 c6 2. d3 d5 3. Nd2 e5 4. Ngf3 Bd6 5. g3 Nf6 6. Bg2 0-0 7. 0-0 Re8 8. h3 Nbd7 9. Re1 Nf8 10. Nh4 a5 11. a4 Qc7 12. Nf1 Ng6 13. Bg5 Nxh4 14. Bxh4 Be7 15. Bxf6 Bxf6 16. exd5 cxd5 17. Ne3 d4 18. Nd5 Qd8 19. c4 Ra6 20. b4 axb4 21. Nxb4 Ra7 22. Nd5 Bd7 23. Qb3 Re6 24. Re2 Rea6 25. Rea2 Be7 26. Nxe7+ Qxe7 27. Bxb7 Bxa4 28. Rxa4 Rxb7 29. Qxb7 Qxb7 30. Rxa6 g6 31. c5 e4 32. c6 Qc7 33. dxe4 d3 34. Rd1 Qc8 35. Rxd3 1-0

[Event "Niederoesterreich Landesliga 0708"]
[Site "Austria"]
[Date "2007.10.28"]
[Round "4"]
[White "Strubreiter, Markus"]
[Black "Posch, Werner"]
[Result "1/2-1/2"]
[WhiteElo "2023"]
[BlackElo "2173"]
[PlyCount "77"]
[EventDate "2007.09.16"]
[EventType "team-tourn"]
[EventRounds "13"]
[EventCountry "AUT"]
[SourceTitle "EXT 2022"]
[Source "ChessBase"]
[SourceDate "2021.10.06"]
[SourceVersion "1"]
[SourceVersionDate "2021.10.06"]
[SourceQuality "1"]

1. e4 Nf6 2. Nc3 d5 3. exd5 Nxd5 4. Bc4 c6 5. d4 Bf5 6. Nf3 e6 7. 0-0 Be7 8. Qe2 0-0 9. Ne4 Nd7 10. Ng3 Bg6 11. Bb3 a5 12. c4 Nb4 13. Qd1 a4 14. Bxa4 Bd3 15. Re1 Bxc4 16. a3 Nd3 17. Re3 Nxc1 18. Rxc1 Bd5 19. Bc2 g6 20. Ne4 Nf6 21. Nc3 Rc8 22. Ne5 c5 23. Rh3 Bc6 24. Nxc6 Rxc6 25. dxc5 Qxd1+ 26. Rxd1 Rxc5 27. Rhd3 Rfc8 28. Bb3 R8c7 29. h3 Kg7 30. g3 b5 31. Kg2 Rb7 32. Ba2 b4 33. axb4 Rxb4 34. R3d2 Rc7 35. Re2 Rcb7 36. Rdd2 Nd7 37. Nd5 exd5 38. Rxe7 Nf6 39. Rxb7 1/2-1/2

[Event "AUT-chT2O 0708"]
[Site "Austria"]
[Date "2007.10.20"]
[Round "1.4"]
[White "Posch, Werner"]
[Black "Batyte, Daiva"]
[Result "1/2-1/2"]
[WhiteElo "2207"]
[BlackElo "2198"]
[PlyCount "47"]
[EventDate "2007.10.20"]
[EventType "team"]
[EventRounds "11"]
[EventCountry "AUT"]
[SourceTitle "EXT 2009"]
[Source "ChessBase"]
[SourceDate "2008.11.26"]
[SourceVersion "1"]
[SourceVersionDate "2008.11.26"]
[SourceQuality "1"]
[WhiteTeam "Wiener Neustadt"]
[BlackTeam "Stockerau"]
[WhiteTeamCountry "AUT"]
[BlackTeamCountry "AUT"]

1. e4 b6 2. Nc3 Bb7 3. g3 Nf6 4. Bg2 e5 5. Nge2 Be7 6. d3 c6 7. f4 d6 8. 0-0 Nbd7 9. h3 h5 10. d4 b5 11. a3 a5 12. Be3 b4 13. Nb1 c5 14. fxe5 dxe5 15. d5 Nb6 16. Nd2 c4 17. axb4 axb4 18. Rxa8 Bxa8 19. Rf5 g6 20. Rf2 Nfd7 21. Nf3 Nc8 22. Qc1 Nd6 23. Ng5 Nf6 24. Rf1 1/2-1/2

[Event "Niederoesterreich Landesliga 0708"]
[Site "Austria"]
[Date "2007.09.16"]
[Round "1"]
[White "Schmid, Thomas2222"]
[Black "Posch, Werner"]
[Result "1-0"]
[WhiteElo "2201"]
[BlackElo "2173"]
[PlyCount "122"]
[EventDate "2007.09.16"]
[EventType "team-tourn"]
[EventRounds "13"]
[EventCountry "AUT"]
[SourceTitle "EXT 2022"]
[Source "ChessBase"]
[SourceDate "2021.10.06"]
[SourceVersion "1"]
[SourceVersionDate "2021.10.06"]
[SourceQuality "1"]

1. e4 Nf6 2. e5 Nd5 3. d4 d6 4. Nf3 c6 5. h3 Bf5 6. Bd3 Bxd3 7. Qxd3 dxe5 8. dxe5 e6 9. 0-0 Nd7 10. a3 Qc7 11. Qe4 h6 12. b3 g5 13. c4 Ne7 14. Bb2 Ng6 15. Re1 Bg7 16. Nbd2 0-0-0 17. Qc2 Ndxe5 18. Nxe5 Bxe5 19. Bxe5 Nxe5 20. c5 Rd5 21. Ne4 Rhd8 22. b4 g4 23. Nd6+ Kb8 24. Qc3 f6 25. hxg4 Qg7 26. Qg3 Rg8 27. f3 h5 28. Nc4 hxg4 29. Nxe5 fxe5 30. Qxg4 Qxg4 31. fxg4 Rxg4 32. Re2 a5 33. Rb1 Rg3 34. Reb2 Rxa3 35. b5 Rxc5 36. bxc6 Rxc6 37. Rxb7+ Kc8 38. Rb8+ Kd7 39. R1b5 e4 40. Ra8 e3 41. Rb2 Rc1+ 42. Kh2 Rd1 43. Ra6 Rc3 44. Rxa5 Rd5 45. Ra7+ Kd6 46. Rb6+ Ke5 47. Raa6 Kf4 48. Ra4+ Kf5 49. Rb2 e5 50. Re2 Rd4 51. Raa2 Kf4 52. Ra1 Rd2 53. Ra4+ Rd4 54. Ra1 Rc6 55. Rf1+ Ke4 56. Rfe1 Rd3 57. Kg3 Rg6+ 58. Kh2 Kd4 59. g3 Rd2 60. Kg2 Rf6 61. Kg1 Rf3 1-0

[Event "AUT-chT2O 0607"]
[Site "Austria"]
[Date "2007.04.14"]
[Round "10.4"]
[White "Posch, Werner"]
[Black "Vokroj, Rene"]
[Result "0-1"]
[WhiteElo "2225"]
[BlackElo "2330"]
[PlyCount "110"]
[EventDate "2006.10.06"]
[EventType "team-tourn"]
[EventRounds "11"]
[EventCountry "AUT"]
[SourceTitle "EXT 2007"]
[Source "ChessBase"]
[SourceDate "2006.11.23"]
[SourceVersion "1"]
[SourceVersionDate "2006.11.23"]
[SourceQuality "1"]
[WhiteTeam "Neustaedt SV"]
[BlackTeam "Wien Austria"]
[WhiteTeamCountry "AUT"]
[BlackTeamCountry "AUT"]

1. e4 c5 2. Nc3 Nc6 3. g3 g6 4. Bg2 Bg7 5. d3 e6 6. Be3 Nd4 7. Nce2 Ne7 8. c3 Nxe2 9. Nxe2 b6 10. Qd2 Bb7 11. Bh6 Bxh6 12. Qxh6 Qc7 13. 0-0 0-0-0 14. b4 f5 15. bxc5 Qxc5 16. a4 fxe4 17. dxe4 Nc6 18. Nd4 e5 19. Nxc6 dxc6 20. a5 Kb8 21. axb6 axb6 22. Ra2 Rd7 23. Bh3 Rf7 24. Be6 Rf6 25. Bg4 Rf7 26. Be6 Re7 27. Bg4 Qxc3 28. Qg5 Rhe8 29. Rc1 Qb4 30. Qf6 Rc7 31. Rd1 Qe7 32. Qf3 Qc5 33. Qb3 b5 34. Rc2 Qb6 35. Rcd2 Rce7 36. Qa3 b4 37. Qb3 Rf8 38. Kg2 h5 39. Be6 c5 40. Bd5 Rc8 41. f3 Bxd5 42. Qxd5 Qe6 43. Qd3 Rb7 44. Qe3 b3 45. Qc3 c4 46. Rd5 Qe7 47. Ra1 Rc5 48. Rd2 Rbb5 49. Ra4 Qc7 50. f4 Qb7 51. Kf3 b2 52. Rd8+ Kc7 53. Qd2 Rb3+ 54. Kg2 Rd3 55. Rxd3 cxd3 0-1

[Event "Niederoesterreich Landesliga 0607"]
[Site "Austria"]
[Date "2007.03.25"]
[Round "10"]
[White "Posch, Werner"]
[Black "Miniboeck, Guenter"]
[Result "0-1"]
[WhiteElo "2262"]
[BlackElo "2344"]
[PlyCount "56"]
[EventDate "2006.09.17"]
[EventType "team-tourn"]
[EventRounds "11"]
[EventCountry "AUT"]
[SourceTitle "EXT 2022"]
[Source "ChessBase"]
[SourceDate "2021.10.06"]
[SourceVersion "1"]
[SourceVersionDate "2021.10.06"]
[SourceQuality "1"]

1. e4 c5 2. Nc3 Nc6 3. g3 g6 4. Bg2 Bg7 5. d3 d6 6. Be3 e5 7. Qd2 Nge7 8. Bh6 Bxh6 9. Qxh6 Nd4 10. Qd2 Qa5 11. f4 Nec6 12. Nf3 Nxf3+ 13. Bxf3 Nd4 14. 0-0 Be6 15. fxe5 dxe5 16. Qg5 Qc7 17. Bg4 0-0 18. Rf2 Qd8 19. Qxe5 Bxg4 20. Nd5 f5 21. exf5 Nf3+ 22. Rxf3 Bxf3 23. Ne7+ Kf7 24. Qe6+ Kg7 25. Rf1 Qd4+ 26. Rf2 Rf6 27. Qe1 Re8 28. fxg6 Bc6 0-1

[Event "AUT-chT2O 0607"]
[Site "Austria"]
[Date "2007.03.11"]
[Round "9.3"]
[White "Posch, Werner"]
[Black "Hodysh, Yuriy"]
[Result "1/2-1/2"]
[WhiteElo "2225"]
[BlackElo "2349"]
[PlyCount "81"]
[EventDate "2006.10.06"]
[EventType "team-tourn"]
[EventRounds "11"]
[EventCountry "AUT"]
[SourceTitle "EXT 2007"]
[Source "ChessBase"]
[SourceDate "2006.11.23"]
[SourceVersion "1"]
[SourceVersionDate "2006.11.23"]
[SourceQuality "1"]
[WhiteTeam "Neustaedt SV"]
[BlackTeam "Wieden Aljechin"]
[WhiteTeamCountry "AUT"]
[BlackTeamCountry "AUT"]

1. e4 e6 2. d3 d5 3. Nd2 Nf6 4. Ngf3 b6 5. e5 Nfd7 6. d4 c5 7. c3 Be7 8. Bb5 a6 9. Bd3 Nc6 10. 0-0 b5 11. Re1 cxd4 12. cxd4 Qb6 13. Nb3 a5 14. Be3 a4 15. Nc1 a3 16. Rb1 axb2 17. Rxb2 b4 18. Ne2 Ba6 19. Qb1 Bxd3 20. Qxd3 Qa6 21. Qxa6 Rxa6 22. Rc1 h6 23. Rbc2 Ndb8 24. Nd2 0-0 25. Nb3 Rd8 26. Nf4 Rd7 27. Nd3 Rda7 28. g3 Bf8 29. Kg2 Ra8 30. h4 Na5 31. Rc8 Nbc6 32. Rxa8 Rxa8 33. Nxa5 Nxa5 34. Bd2 Nc4 35. Bxb4 Rxa2 36. Bxf8 Kxf8 37. Rb1 Rd2 38. Rb8+ Ke7 39. Rb7+ Ke8 40. Rb8+ Ke7 41. Rb7+ 1/2-1/2

[Event "AUT-chT2O 0607"]
[Site "Austria"]
[Date "2007.03.10"]
[Round "8.3"]
[White "Weissenbeck, Manuel"]
[Black "Posch, Werner"]
[Result "1-0"]
[WhiteElo "2247"]
[BlackElo "2225"]
[PlyCount "119"]
[EventDate "2006.10.06"]
[EventType "team-tourn"]
[EventRounds "11"]
[EventCountry "AUT"]
[SourceTitle "EXT 2007"]
[Source "ChessBase"]
[SourceDate "2006.11.23"]
[SourceVersion "1"]
[SourceVersionDate "2006.11.23"]
[SourceQuality "1"]
[WhiteTeam "Eichgraben/Pressbaum"]
[BlackTeam "Neustaedt SV"]
[WhiteTeamCountry "AUT"]
[BlackTeamCountry "AUT"]

1. d4 Nf6 2. c4 Nc6 3. Nf3 e6 4. Nc3 Bb4 5. Qc2 0-0 6. a3 Bxc3+ 7. Qxc3 d6 8. b4 e5 9. dxe5 Nxe5 10. Nxe5 dxe5 11. Bb2 Re8 12. Rd1 Qe7 13. g3 Bg4 14. Bg2 c6 15. f3 Bh5 16. 0-0 a5 17. g4 Bg6 18. e4 axb4 19. axb4 Nd7 20. f4 f6 21. f5 Bf7 22. c5 b6 23. Rd6 bxc5 24. bxc5 Reb8 25. Rxc6 Rb3 26. Qc1 Rb5 27. Ba3 Rb3 28. Bb2 Nxc5 29. Bxe5 Nd3 30. Rc8+ Rxc8 31. Qxc8+ Be8 32. Bg3 Ne5 33. Ra1 Kf8 34. Bf2 Kf7 35. Bd4 Bd7 36. Qc7 Nc6 37. Bf2 Ne5 38. Bd4 Nc6 39. e5 Nxd4 40. Bd5+ Kf8 41. Bxb3 Nf3+ 42. Kg2 Nxe5 43. Ra8+ Be8 44. Qxe7+ Kxe7 45. Ra7+ Kf8 46. Kg3 h5 47. h3 hxg4 48. hxg4 g6 49. g5 fxg5 50. f6 Bc6 51. Rc7 Bd7 52. Rb7 Be8 53. Rh7 Nf7 54. Rg7 Nh6 55. Ra7 Nf7 56. Bd5 Ne5 57. Ra8 g4 58. Kf4 Nf7 59. Bc6 g5+ 60. Kf5 1-0

[Event "Niederoesterreich Landesliga 0607"]
[Site "Austria"]
[Date "2007.02.18"]
[Round "9"]
[White "Pachta, Paul"]
[Black "Posch, Werner"]
[Result "0-1"]
[WhiteElo "2331"]
[BlackElo "2262"]
[PlyCount "76"]
[EventDate "2006.09.17"]
[EventType "team-tourn"]
[EventRounds "11"]
[EventCountry "AUT"]
[SourceTitle "EXT 2022"]
[Source "ChessBase"]
[SourceDate "2021.10.06"]
[SourceVersion "1"]
[SourceVersionDate "2021.10.06"]
[SourceQuality "1"]

1. d4 d5 2. c4 Bf5 3. Nc3 e6 4. cxd5 exd5 5. Qb3 Nc6 6. Bf4 Nxd4 7. Qa4+ Nc6 8. 0-0-0 Nf6 9. e4 Bxe4 10. f3 Bf5 11. g4 Be6 12. g5 Nh5 13. Ba6 bxa6 14. Qxc6+ Bd7 15. Qxc7 Nxf4 16. Qxf4 Be7 17. Rxd5 Rc8 18. Nge2 Qc7 19. Qd4 f6 20. Re1 Bc6 21. Nf4 0-0 22. Ne6 Qb7 23. Nc5 Bxc5 24. Rxc5 fxg5 25. Rxg5 Bxf3 26. Reg1 Rf7 27. h4 Rb8 28. Qd2 Qd7 29. Nd5 Rc8+ 30. Kb1 Be4+ 31. Ka1 Kh8 32. Qd4 Bf3 33. h5 h6 34. Re5 Rd8 35. Qh4 Bxd5 36. Rd1 Re8 37. Qe1 Rfe7 38. Rxe7 Qxe7 0-1

[Event "AUT-ch qual"]
[Site "Austria"]
[Date "2007.??.??"]
[Round "3"]
[White "Nickl, Klaus"]
[Black "Posch, Werner"]
[Result "1/2-1/2"]
[WhiteElo "2139"]
[BlackElo "2225"]
[PlyCount "117"]
[EventDate "2007.??.??"]
[EventType "swiss"]
[EventRounds "9"]
[EventCountry "AUT"]
[SourceTitle "EXT 2008"]
[Source "ChessBase"]
[SourceDate "2007.11.25"]
[SourceVersion "1"]
[SourceVersionDate "2007.11.25"]
[SourceQuality "1"]

1. d4 g6 2. Bg5 Bg7 3. c3 b6 4. Nd2 Bb7 5. e4 d6 6. Ngf3 Nd7 7. Bc4 h6 8. Bh4 g5 9. Bg3 e6 10. Qe2 Ne7 11. h4 g4 12. Nh2 h5 13. Nhf1 Ng6 14. Ba6 Bxa6 15. Qxa6 Qc8 16. Qxc8+ Rxc8 17. Ne3 0-0 18. f4 gxf3 19. gxf3 f5 20. exf5 exf5 21. Nd5 Bh6 22. 0-0-0 c6 23. Nb4 f4 24. Bf2 a5 25. Nc2 d5 26. Rde1 Rce8 27. Rxe8 Rxe8 28. Re1 Rxe1+ 29. Nxe1 Bg7 30. Ng2 Bf6 31. Kc2 Kf7 32. Nb3 Ndf8 33. Nc1 Ne6 34. Ne2 Bg7 35. a4 Ke7 36. b3 Kd6 37. Be1 Bf6 38. Bd2 Nxh4 39. Nxh4 Bxh4 40. Bxf4+ Kd7 41. Kd3 Bf2 42. Be3 Bxe3 43. Kxe3 Ke7 44. f4 Kf6 45. Kf3 Kg6 46. Ng3 Ng7 47. Ne2 Nf5 48. Nc1 c5 49. dxc5 bxc5 50. Nd3 d4 51. c4 Ne7 52. Nxc5 Nc6 53. Ke4 h4 54. Nd3 h3 55. f5+ Kg5 56. Nf2 h2 57. f6 Kg6 58. c5 Kf7 59. Kd3 1/2-1/2

[Event "AUT-ch qual"]
[Site "Austria"]
[Date "2007.??.??"]
[Round "7"]
[White "Posch, Werner"]
[Black "Pfaffel, Thomas"]
[Result "1/2-1/2"]
[WhiteElo "2225"]
[BlackElo "2154"]
[PlyCount "106"]
[EventDate "2007.??.??"]
[EventType "swiss"]
[EventRounds "9"]
[EventCountry "AUT"]
[SourceTitle "EXT 2008"]
[Source "ChessBase"]
[SourceDate "2007.11.25"]
[SourceVersion "1"]
[SourceVersionDate "2007.11.25"]
[SourceQuality "1"]

1. e4 c5 2. Nc3 Nc6 3. g3 g6 4. Bg2 Bg7 5. d3 e6 6. Be3 d6 7. Qd2 Nge7 8. Bh6 Bxh6 9. Qxh6 Nd4 10. 0-0-0 Nec6 11. Nge2 Qa5 12. Kb1 Bd7 13. h4 0-0-0 14. h5 Nb4 15. Rd2 b5 16. a3 Nbc6 17. Nxd4 cxd4 18. Na2 e5 19. Bh3 Bxh3 20. Rxh3 Rd7 21. Re2 Rhd8 22. Qd2 Qxd2 23. Rxd2 d5 24. f3 Rf8 25. Nc1 f5 26. hxg6 hxg6 27. exd5 Rxd5 28. Rh6 Ne7 29. Re2 Rf7 30. f4 exf4 31. gxf4 Kd7 32. Nb3 Rg7 33. Nd2 Ng8 34. Rh8 Rd6 35. Nf3 a6 36. Ka2 Kc7 37. Re8 Ne7 38. Ng5 Kb7 39. Rhf8 Kc7 40. Kb3 Rc6 41. Ra8 Kb6 42. Rad8 Kc5 43. Rd7 Rg8 44. Rxg8 Nxg8 45. Rg7 Nh6 46. Nf3 Ng4 47. Nh4 Ne3 48. Nxg6 a5 49. Ne5 a4+ 50. Ka2 Rh6 51. c3 dxc3 52. Rc7+ Kb6 53. Rxc3 Nd5 1/2-1/2

[Event "Latschach op 22nd"]
[Site "Latschach"]
[Date "2006.08.18"]
[Round "8"]
[White "Posch, Werner"]
[Black "Saxer, Bernhard"]
[Result "1/2-1/2"]
[WhiteElo "2262"]
[BlackElo "2057"]
[PlyCount "89"]
[EventDate "2006.08.12"]
[EventType "swiss"]
[EventRounds "9"]
[EventCountry "AUT"]
[SourceTitle "CBM 113 Extra"]
[Source "ChessBase"]
[SourceDate "2006.09.14"]
[SourceVersion "1"]
[SourceVersionDate "2006.09.14"]
[SourceQuality "1"]

1. e4 c5 2. Nc3 Nc6 3. g3 e6 4. Bg2 Nf6 5. d3 d5 6. exd5 exd5 7. Nge2 d4 8. Ne4 Be7 9. 0-0 0-0 10. Nf4 Bf5 11. Nxf6+ Bxf6 12. Nd5 Be5 13. Re1 Re8 14. Bf4 Be6 15. Qf3 Bxd5 16. Qxd5 Qxd5 17. Bxd5 Bxf4 18. Bxc6 bxc6 19. gxf4 Rab8 20. Kg2 f6 21. b3 Kf7 22. Kf3 Rxe1 23. Rxe1 Re8 24. Rxe8 Kxe8 25. Ke4 Kd7 26. b4 cxb4 27. Kxd4 Kd6 28. Kc4 a5 29. d4 g5 30. fxg5 fxg5 31. f3 h6 32. h3 h5 33. Kd3 Kd5 34. c4+ bxc3 35. Kxc3 c5 36. dxc5 Kxc5 37. Kd3 Kd5 38. Ke3 Ke5 39. Kf2 Kf4 40. Kg2 a4 41. a3 h4 42. Kf2 Kf5 43. Ke3 Ke5 44. Kd3 Kf5 45. Ke2 1/2-1/2

[Event "Vienna op-A 15th"]
[Site "Vienna"]
[Date "2006.08.01"]
[Round "4"]
[White "Nagel, Herbert"]
[Black "Posch, Werner"]
[Result "0-1"]
[WhiteElo "2142"]
[BlackElo "2262"]
[PlyCount "44"]
[EventDate "2006.07.29"]
[EventType "swiss"]
[EventRounds "9"]
[EventCountry "AUT"]
[SourceTitle "CBM 113 Extra"]
[Source "ChessBase"]
[SourceDate "2006.09.14"]
[SourceVersion "1"]
[SourceVersionDate "2006.09.14"]
[SourceQuality "1"]

1. f4 d5 2. Nf3 Nf6 3. g3 c5 4. Bg2 Nc6 5. d3 g6 6. 0-0 Bg7 7. c3 0-0 8. Qe1 b6 9. Na3 Ba6 10. Nc2 Qc7 11. Rb1 e6 12. b4 Ne7 13. Ba3 Rac8 14. Ne5 Nd7 15. bxc5 bxc5 16. d4 Nxe5 17. fxe5 cxd4 18. Nb4 Qxc3 19. Qxc3 Rxc3 20. Bb2 Bxe2 21. Rfe1 Rc4 22. Ba3 d3 0-1